Géographie - Villes de la région Auvergne-Rhône-Alpes - Clic Quiz - Statistiques

Statistiques générales
  • Ce quiz a été pris 34 fois
  • Le résultat moyen est 57 sur 150
Statistiques - réponses
Hint Réponse % Correct
Clermont-Ferrand Puy-de-Dôme
63%
Tassin-la-Demi-Lune Rhône
63%
Villeurbanne Rhône
63%
Sainte-Foy-lès-Lyon Rhône
63%
Bourg-en-Bresse Ain
59%
Aurillac Cantal
59%
Lyon Rhône
59%
Oyonnax Ain
56%
Vichy Allier
56%
Portes-lès-Valence Drôme
56%
Le Puy-en-Velay Haute-Loire
56%
Thonon-les-Bains Haute-Savoie
56%
Vienne Isère
56%
Échirolles Isère
56%
Saint-Étienne Loire
56%
Vénissieux Rhône
56%
Vaulx-en-Velin Rhône
56%
Villefranche-sur-Saône Rhône
56%
Aix-les-Bains Savoie
56%
Moulins Allier
53%
Privas Ardèche
53%
Bourg-lès-Valence Drôme
53%
Montélimar Drôme
53%
Annecy Haute-Savoie
53%
Annemasse Haute-Savoie
53%
Grenoble Isère
53%
Voreppe Isère
53%
Saint-Chamond Loire
53%
Cournon-d'Auvergne Puy-de-Dôme
53%
Saint-Priest Rhône
53%
Caluire-et-Cuire Rhône
53%
Meyzieu Rhône
53%
Bron Rhône
53%
Albertville Savoie
53%
Chambéry Savoie
53%
Montluçon Allier
50%
Annonay Ardèche
50%
Aubenas Ardèche
50%
Livron-sur-Drôme Drôme
50%
Valence Drôme
50%
Évian-les-Bains Haute-Savoie
50%
Chamonix-Mont-Blanc Haute-Savoie
50%
Belleville-en-Beaujolais Rhône
50%
Saint-Fons Rhône
50%
Décines-Charpieu Rhône
50%
Givors Rhône
50%
Ambérieu-en-Bugey Ain
47%
Crest Drôme
47%
Pierrelatte Drôme
47%
Le Pont-de-Claix Isère
47%
Voiron Isère
47%
La Tour-du-Pin Isère
47%
L'Isle-d'Abeau Isère
47%
Bourgoin-Jallieu Isère
47%
Claix Isère
47%
Saint-Martin-d'Hères Isère
47%
Riom Puy-de-Dôme
47%
Oullins-Pierre-Bénite Rhône
47%
Feyzin Rhône
47%
Rillieux-la-Pape Rhône
47%
Saint-Jean-de-Maurienne Savoie
47%
Saint-Julien-en-Genevois Haute-Savoie
44%
Villefontaine Isère
44%
Craponne Rhône
44%
Belley Ain
41%
Bellerive-sur-Allier Allier
41%
Sassenage Isère
41%
Vif Isère
41%
Saint-Marcellin Isère
41%
Saint-Égrève Isère
41%
Fontaine Isère
41%
Firminy Loire
41%
Roanne Loire
41%
Andrézieux-Bouthéon Loire
41%
Grigny Rhône
41%
Dardilly Rhône
41%
Tarare Rhône
41%
Saint-Genis-Laval Rhône
41%
Gex Ain
38%
Le Teil Ardèche
38%
Bourg-de-Péage Drôme
38%
Romans-sur-Isère Drôme
38%
Sallanches Haute-Savoie
38%
Seyssinet-Pariset Isère
38%
Tullins Isère
38%
Meylan Isère
38%
Feurs Loire
38%
Montbrison Loire
38%
Thiers Puy-de-Dôme
38%
Écully Rhône
38%
Francheville Rhône
38%
Guilherand-Granges Ardèche
34%
Issoire Puy-de-Dôme
34%
Chassieu Rhône
34%
Chaponost Rhône
34%
Corbas Rhône
34%
Genas Rhône
34%
La Motte-Servolex Savoie
34%
Rumilly Haute-Savoie
31%
Bonneville Haute-Savoie
31%
Cluses Haute-Savoie
31%
Moirans Isère
31%
Crolles Isère
31%
Eybens Isère
31%
Rive-de-Gier Loire
31%
La Ricamarie Loire
31%
Tournon-sur-Rhône Ardèche
28%
Saint-Paul-Trois-Châteaux Drôme
28%
Passy Haute-Savoie
28%
Irigny Rhône
28%
Ferney-Voltaire Ain
25%
Valserhône Ain
25%
La Roche-sur-Foron Haute-Savoie
25%
Roussillon Isère
25%
Romagnat Puy-de-Dôme
25%
Chamalières Puy-de-Dôme
25%
Mions Rhône
25%
Brignais Rhône
25%
Divonne-les-Bains Ain
22%
Miribel Ain
22%
Scionzier Haute-Savoie
22%
Unieux Loire
22%
Sorbiers Loire
22%
Le Chambon-Feugerolles Loire
22%
Saint-Just-Saint-Rambert Loire
22%
Pont-du-Château Puy-de-Dôme
22%
Aubière Puy-de-Dôme
22%
La Ravoire Savoie
22%
Cusset Allier
19%
Monistrol-sur-Loire Haute-Loire
19%
Charvieu-Chavagneux Isère
19%
Veauche Loire
19%
Roche-la-Molière Loire
19%
Saint-Genis-Pouilly Ain
16%
Yzeure Allier
16%
Gaillard Haute-Savoie
16%
Varces-Allières-et-Risset Isère
16%
Les Avenières Veyrins-Thuellin Isère
16%
Mably Loire
16%
Riorges Loire
16%
Gerzat Puy-de-Dôme
16%
Cébazat Puy-de-Dôme
16%
Domérat Allier
13%
Ville-la-Grand Haute-Savoie
13%
Villars Loire
13%
Beaumont Puy-de-Dôme
13%
Vétraz-Monthoux Haute-Savoie
9%
Lempdes Puy-de-Dôme
6%
Prévessin-Moëns Ain
3%
Fillière Haute-Savoie
3%
Aucun quiz correspondant
Distribution des résultats
% des personnes avec chaque résultat
Percentile par nombre de réponses
Votre historique - résultats
Vous n’avez pas pris ce quiz